000 00319nam a2200133Ia 4500
008 230917s9999||||xx |||||||||||||| ||und||
040 _e55823
_aMAIN
041 _aEnglish
082 _a829.441 T129P
245 0 _aPoems of Gitanjali
260 _aStocksfield
_bOriel Press
_c1982
300 _axix, 155 p.
942 _cBK
999 _c39486
_d39486